Normal view
MARC view
Entry Topical Term
001 - CONTROL NUMBER
- control field: 4371
003 - CONTROL NUMBER IDENTIFIER
- control field: BD-RjUL
005 - DATE AND TIME OF LATEST TRANSACTION
- control field: 20220814095030.0
008 - FIXED-LENGTH DATA ELEMENTS
- fixed length control field: 220814|| aca||aabn | a|a d
040 ## - CATALOGING SOURCE
- Original cataloging agency: BD-RjUL
- Transcribing agency: BD-RjUL
150 ## - HEADING--TOPICAL TERM
- Topical term or geographic name entry element: Islamic Education
- Form subdivision: Expansion
- General subdivision: 1821-1971 A.D.
- Geographic subdivision: Noakhali District
670 ## - SOURCE DATA FOUND
- Source citation: Work cat.: (BD-RjUL)80198: Amin, A. F. M. Ruhul 1165, Growth and Expansion of Islamic Education in Noakhali District (1821-1971 A.D.) /, 2011